00790 2200181 4500245003800000020002200038250001100060100001900071700002400090650001700114005001900131260003900150041001400189084001100203300002300214500036200237336000900599 aLoversationcValerie PatkarhText a978-623-04-1313-1 aCet. 1 aValerie Patkar aAni Nuraini Syahara aNovel Remaja a20240112104521 aJakartabBhuana Ilmu Populerc2023 aIndonesia a808.83 a454 hlm. :c19 cm. aTheala bersembunyi di balik keheningan sebagai perempuan mandiri yang benci punya angan-angan. Dirga bersembunyi di balik keramaian sebagai laki-laki bersinar yang hanya tahu caranya mencari kesenangan. Di balik trauma masa kecil, selalu ada hati yang dibungkam. Dirga adalah bibir, Theala adalah suara. Dan dengan berbicara, mereka bisa mendengar semuanya. atext